2024/2025 Premier League Goalscorers: Gameweek 35 - Statistics

General Stats
  • This quiz has been taken 19 times
  • The average score is 21 of 30
Answer Stats
Fixture Team Score Goalscorer % Correct
Brighton v Newcastle Newcastle 1-1 Alexander Isak
88%
Chelsea v Liverpool Chelsea 3-1 Cole Palmer
82%
Chelsea v Liverpool Chelsea 1-0 Enzo Fernandez
82%
Leicester v Southampton Leicester 1-0 Jamie Vardy
82%
Manchester City v Wolves Manchester City 1-0 Kevin de Bruyne
82%
Everton v Ipswich Everton 1-0 Beto
76%
Arsenal v Bournemouth Arsenal 1-0 Declan Rice
76%
Crystal Palace v Nottingham Forest Crystal Palace 1-0 Eberechi Eze
76%
West Ham v Tottenham West Ham 1-1 Jarrod Bowen
76%
Chelsea v Liverpool Liverpool 2-1 Virgil van Dijk
76%
Nottingham Forest v Brentford Brentford 2-0 Yoane Wissa
76%
Brentford v Manchester United Brentford 4-1 Yoane Wissa
76%
Brentford v Manchester United Manchester United 4-2 Alejandro Garnacho
71%
Brentford v Manchester United Manchester United 4-3 Amad Diallo
71%
Everton v Ipswich Everton 2-0 Dwight McNeil
71%
Crystal Palace v Nottingham Forest Nottingham Forest 1-1 Murillo
71%
Brighton v Newcastle Brighton 1-0 Yankuba Minteh
71%
Arsenal v Bournemouth Bournemouth 1-1 Dean Huijsen
65%
Arsenal v Bournemouth Bournemouth 2-1 Evanilson
65%
Chelsea v Liverpool Liverpool (OG) 2-0 Jarell Quansah
65%
Everton v Ipswich Ipswich 2-1 Julio Enciso
65%
Nottingham Forest v Brentford Brentford 1-0 Kevin Schade
65%
Brentford v Manchester United Brentford 2-1 Kevin Schade
65%
Brentford v Manchester United Brentford 3-1 Kevin Schade
65%
Brentford v Manchester United Manchester United (OG) 1-1 Luke Shaw
59%
Brentford v Manchester United Manchester United 1-0 Mason Mount
59%
West Ham v Tottenham Tottenham 1-0 Wilson Odobert
59%
Aston Villa v Fulham Aston Villa 1-0 Youri Tielemans
59%
Everton v Ipswich Ipswich 2-2 George Hirst
53%
Leicester v Southampton Leicester 2-0 Jordan Ayew
47%
No matching quizzes found
Score Distribution
Percent of People with Each Score
Percentile by Number Answered
Your Score History
You have not taken this quiz